BLOOD BANK TRANSFUSION TECHNOLOGY (Record no. 1330)

MARC details
000 -LEADER
fixed length control field 00344nam a2200145Ia 4500
008 - FIXED-LENGTH DATA ELEMENTS--GENERAL INFORMATION
fixed length control field 150201s2004 xx 000 0 und d
082 ## - DEWEY DECIMAL CLASSIFICATION NUMBER
Classification number 616.07
Item number B04D
100 ## - MAIN ENTRY--PERSONAL NAME
Personal name DRAVID, N.V.
245 ## - TITLE STATEMENT
Title BLOOD BANK TRANSFUSION TECHNOLOGY
250 ## - EDITION STATEMENT
Edition statement 1ST
260 ## - PUBLICATION, DISTRIBUTION, ETC. (IMPRINT)
Name of publisher, distributor, etc. JAYPEE
Place of publication, distribution, etc. DELHI
Date of publication, distribution, etc. 2004
300 ## - PHYSICAL DESCRIPTION
Extent 1-54
650 ## - SUBJECT ADDED ENTRY--TOPICAL TERM
Topical term or geographic name as entry element PATHOLOGY
942 ## - ADDED ENTRY ELEMENTS (KOHA)
Source of classification or shelving scheme Dewey Decimal Classification
Koha item type Books
Koha issues (borrowed), all copies 1
Holdings
Withdrawn status Lost status Source of classification or shelving scheme Damaged status Not for loan Collection code Home library Current library Shelving location Date acquired Source of acquisition Cost, normal purchase price SGTU Bill Number Total Checkouts Full call number Barcode Date last seen Date last checked out Bill Date Koha item type
    Dewey Decimal Classification     MEDICAL SGT Medical Library SGT Medical Library Text Book 16/01/2012 JAYPEE 150.00 SGTU 9046 1 616.07 B04D FM4922 18/07/2022 09/07/2022 23/01/2012 Books
    Dewey Decimal Classification     MEDICAL SGT Medical Library SGT Medical Library Text Book 16/01/2012 JAYPEE 150.00 SGTU 9046   616.07 B04D FM4923 09/02/2015   23/01/2012 Books
    Dewey Decimal Classification     MEDICAL SGT Medical Library SGT Medical Library Text Book 16/01/2012 JAYPEE 150.00 SGTU 9046   616.07 B04D FM4924 09/02/2015   23/01/2012 Books
    Dewey Decimal Classification     MEDICAL SGT Medical Library SGT Medical Library Text Book 16/01/2012 JAYPEE 150.00 SGTU 9046   616.07 B04D FM4925 09/02/2015   23/01/2012 Books